000 00230nam a2200097Ia 4500
005 20251222114410.0
008 251222s1900||||xx |||||||||||||| ||spa||
082 _aDVD0070/K53/T.3
245 0 _aSantificarás las fiestas:
942 _cDVD
999 _c2016
_d2016